00495cam a22001457a 4500008004000000020001800040082001700058245010700075260002300182300001000205650003100215650003700246650002100283700004500304180718b2012 xxu||||| |||| 00| 0 eng d a9780199915187 aT19x54 B469i aIndia's reforms : how they produced inclusive growthcedited by Jagdish Bhagwati and Arvind Panagariya aOxford bOUPc2012 a282p. aIndia -- Social conditions aIndia -- Politics and government aPoverty -- India aBhagwati, Jagdish and Panagariya, Arvind